[Event "Israel Open Ch"]
[Site "Tel Aviv ISR"]
[Date "2001.04.17"]
[Round "9"]
[White "Greenfeld,A"]
[Black "Gyimesi,Z"]
[Result "1-0"]
[WhiteElo "2570"]
[BlackElo "2571"]

1.d4 d5 2.c4 dxc4 3.e4 c5 4.d5 e6 5.Bxc4 Nf6 6.Nc3 exd5 7.Nxd5 Nxd5 8.Bxd5 Be7
9.Ne2 O-O 10.O-O Na6 11.Bf4 Nc7 12.Nc3 Nxd5 13.Nxd5 Bd6 14.e5 Bb8 15.Qb3 Be6
16.Rad1 b6 17.Bg3 Bc7 18.f4 Bxd5 19.Rxd5 Qe7 20.f5 Rad8 21.Rfd1 Rxd5 22.Rxd5 Rd8
23.Qd3 Rxd5 24.Qxd5 h6 25.Bf4 Kh7 26.g3 g5 27.fxg6+ fxg6 28.g4 Kg7 29.Kg2 b5
30.Bg3 Kh7 31.h4 a6 32.g5 hxg5 33.hxg5 c4 34.a3 Kg7 35.Bf4 Kf8 36.Kf3 c3
37.bxc3 Qxa3 38.Qc6 Bd8 39.e6 Kg8 40.Bd6  1-0

[Event "Open"]
[Site "Dubai UAE"]
[Date "2001.04.20"]
[Round "6"]
[White "Kuzmin,A"]
[Black "Volzhin,A"]
[Result "1/2-1/2"]
[WhiteElo "2588"]
[BlackElo "2528"]

1.d4 d5 2.c4 dxc4 3.e4 c5 4.d5 Nf6 5.Nc3 b5 6.Bf4 Ba6 7.e5 b4 8.exf6 bxc3
9.bxc3 gxf6 10.Bxc4 Bxc4 11.Qa4+ Nd7 12.Qxc4 Nb6 13.Qb5+ Qd7 14.Qxd7+ Kxd7
15.O-O-O Rd8 16.Ne2 Ke8 17.Be3 Nxd5 18.Bxc5 e6 19.Bd4 Rc8 20.Kc2 Bc5 21.Bxc5 Rxc5
22.Rd4 Ke7 23.Rb1 Rhc8 24.Rb7+ Kf8 25.Rb3 Nb6 26.Rbb4 Nd5 27.Rb3 Nb6 28.a4 f5
29.Rbb4 Nd5 30.Rb5 Rxc3+ 31.Nxc3 Nxc3 32.Rb7 Ne2+ 33.Kd3 Nxd4 34.Kxd4 Rc2
35.Ke3 a5 36.Rb5 Ra2 37.Rxa5 Ke7 38.g3 Kf6 39.h4 Ra3+ 40.Ke2 h5 41.Ra8 Ke5
42.Kf1 f4 43.Ra5+ Ke4 44.gxf4 Kf3 45.Kg1 f5 46.Re5 Rxa4  1/2-1/2

[Event "TSGM"]
[Site "Belgrade YUG"]
[Date "2001.04.23"]
[Round "3"]
[White "Milanovic,D"]
[Black "Matulovic,M"]
[Result "1/2-1/2"]
[WhiteElo "2421"]
[BlackElo "2420"]

1.d4 d5 2.c4 dxc4 3.e4 e5 4.Nf3 exd4 5.Bxc4 Bb4+ 6.Nbd2 Nc6 7.O-O Nf6 8.e5 Nd5
9.Nb3 Nb6 10.Bg5 Be7 11.Bxe7 Qxe7 12.Bb5 Bd7 13.Bxc6 Bxc6 14.Nfxd4 Bd5 15.Qg4 g6
16.f4 c5 17.Nb5 O-O 18.Nd6 Nc4 19.Nf5 Qe6 20.Nh6+ Kh8 21.Qg5 b6 22.Rae1 Rae8
23.Ng4 Qf5 24.Qh4 Qh5 25.Qg3 Rd8 26.e6 fxe6 27.Qc3+ Kg8 28.Nf6+ Rxf6 29.Qxf6 Rf8
30.Qc3 Qg4 31.Qc2 Rxf4 32.Rxf4 Qxf4 33.Qe2 a5 34.Rf1 Qe3+ 35.Qxe3 Nxe3 36.Rf2 Bxb3
37.axb3 Nf5 38.Re2 Nd4 39.Re3 Kf7 40.Kf2 Kf6 41.Rd3 e5 42.Re3 Kf5 43.Rc3 h5  1/2-1/2

[Event "It"]
[Site "Podlehnik SLO"]
[Date "2001.04.26"]
[Round "3"]
[White "Atalik,S"]
[Black "Mikhalchishin,A"]
[Result "1/2-1/2"]
[WhiteElo "2537"]
[BlackElo "2524"]

1.d4 d5 2.c4 dxc4 3.e4 Nf6 4.e5 Nd5 5.Bxc4 Nb6 6.Bb3 Bf5 7.Nf3 e6 8.O-O Be7
9.Nc3 O-O 10.Be3 Na6 11.a3 c5 12.d5 Nxd5 13.Bxd5 exd5 14.Nxd5 c4 15.Nxe7+ Qxe7
16.Qd4 Rfd8 17.Qc3 Bd3 18.Bg5 Qe6 19.Bxd8 Bxf1 20.Nd4 Qd7 21.Ba5 Bd3 22.Bb4 Nc7
23.Nf3  1/2-1/2

[Event "Bank Pocztowy Open A"]
[Site "Bydgoszcz POL"]
[Date "2001.04.30"]
[Round "4"]
[White "Szymanski,M"]
[Black "Barglowski,F"]
[Result "0-1"]
[WhiteElo "2359"]
[BlackElo "2158"]

1.d4 d5 2.c4 dxc4 3.e4 e5 4.Nf3 exd4 5.Bxc4 Nc6 6.O-O Be6 7.Bxe6 fxe6 8.Qb3 Qd7
9.Qxb7 Rb8 10.Qa6 Nf6 11.Nbd2 Bb4 12.Nc4 O-O 13.a3 Bc5 14.b4 Nxe4 15.Re1 Qd5
16.Rxe4 Qxe4 17.Ncd2 Qd5 18.bxc5 e5 19.Qd3 e4 20.Qxe4 Qxc5 21.h4 Rfe8 22.Qd3 Qc3
23.Qc4+ Kh8 24.Qa2 d3 25.Nf1 Re2 26.Bd2 Qc5 27.Ne3 Ne5 28.Nxe5 Qxe5 29.Rd1 Qf6
30.Ng4 Qxh4 31.Qc4 Rxd2 32.Re1 Re2  0-1

[Event "54th ch-RUS"]
[Site "Elista RUS"]
[Date "2001.04.30"]
[Round "1"]
[White "Volkov,S"]
[Black "Karpatchev,A"]
[Result "1/2-1/2"]
[WhiteElo "2558"]
[BlackElo "2404"]

1.d4 d5 2.c4 dxc4 3.e4 Nf6 4.e5 Nd5 5.Bxc4 Nb6 6.Bd3 Nc6 7.Ne2 Bg4 8.f3 Be6
9.Nbc3 Qd7 10.Ne4 Bd5 11.Nc5 Qc8 12.O-O e6 13.Ne4 Qd7 14.a3 Be7 15.b4 Bc4
16.Bxc4 Nxc4 17.b5 N6a5 18.a4 a6  1/2-1/2

[Event "2nd ch-EUR Women"]
[Site "Warsaw POL"]
[Date "2001.05.01"]
[Round "9"]
[White "Cherednichenko,S"]
[Black "Fomina,T"]
[Result "1-0"]
[WhiteElo "2203"]
[BlackElo "2278"]

1.d4 d5 2.c4 dxc4 3.e4 e5 4.Nf3 exd4 5.Bxc4 Bb4+ 6.Nbd2 Nc6 7.O-O Qf6 8.e5 Qg6
9.Nb3 Bg4 10.h3 Bxf3 11.Qxf3 Nge7 12.Bf4 Nf5 13.Qe2 O-O 14.Bd3 Qe6 15.g4 Nh4
16.Bg3 Qe7 17.a3 Ba5 18.Qe4 Ng6 19.f4 Rfe8 20.Rac1 Rad8 21.Rxc6 bxc6 22.Nxa5 Rd5
23.Nxc6 Qc5 24.Nb4 Rd7 25.Na6 Qb6 26.b4 Rde7 27.Rd1 Nf8 28.Bf2 Qh6 29.Bxd4 Qxh3
30.Kf2 Qxg4 31.Rh1 Rd8 32.Nc5 Ng6 33.Be3 h5 34.Be2 Qc8 35.Bxh5 Qa8 36.Qxa8 Rxa8
37.Bxg6 fxg6 38.Rg1 Kf7 39.e6+ Kg8 40.Rxg6 Kh7 41.Rg1 Rd8 42.Kf3 Rd5 43.Rh1+ Kg8
44.Ke4 Rd8 45.f5 c6 46.Bg5  1-0

[Event "Golden Cleopatra Open"]
[Site "Cairo EGY"]
[Date "2001.05.03"]
[Round "2"]
[White "Abdel Razik,K"]
[Black "Rausis,I"]
[Result "1/2-1/2"]
[WhiteElo "2365"]
[BlackElo "2500"]

1.d4 d5 2.c4 dxc4 3.e4 c5 4.d5 Nf6 5.Nc3 b5 6.Nxb5 Qa5+ 7.Nc3 Nxe4 8.Bxc4 Nxc3
9.Qd2 Nd7 10.bxc3 Nb6 11.Bd3 c4 12.Be2 Bb7 13.Nf3 Qxd5 14.O-O e6 15.a4 Rc8
16.Qa2 Qa5 17.Bd2 Be4 18.Rfe1 Be7 19.Nd4 O-O 20.Bxc4 Rxc4 21.Rxe4 Rxa4 22.Qxa4 Nxa4
23.Nc6 Qc5 24.Nxe7+ Qxe7 25.Rexa4 h5 26.Rxa7 Qd6 27.Be3 Qc6 28.Rc1 Rd8 29.h3 Qc4
30.Ra5 f5 31.Rc5 Qe4 32.Bd4 Rd5 33.Rxd5 exd5 34.Ra1 g5 35.Ra8+ Kf7 36.Ra7+ Ke6
37.Rh7 Qe2 38.Rg7 Qd2 39.g3 Kd6 40.Rg6+ Kd7 41.Kg2 Qc1 42.Kh2 h4 43.gxh4 Qf4+
44.Kg2 gxh4 45.Kg1 Qe4 46.Kh2 Qd3 47.Kg2 Qd1 48.Rh6 f4 49.Rf6 Qc1 50.Kf3 Qh1+
51.Kg4 Qg2+ 52.Kxh4 Qh2 53.Kg4 Qg2+ 54.Kh4 Qh2 55.Kg4 Qg2+  1/2-1/2

[Event "FSIMA May"]
[Site "Budapest HUN"]
[Date "2001.05.09"]
[Round "5"]
[White "Jakab,A"]
[Black "Nemeth,Z"]
[Result "0-1"]
[WhiteElo "2363"]
[BlackElo "2319"]

1.d4 d5 2.c4 dxc4 3.e4 c5 4.d5 e6 5.Bxc4 Nf6 6.Nc3 exd5 7.Nxd5 Nxd5 8.Bxd5 Be7
9.Qb3 O-O 10.Bxb7 c4 11.Qb5 a6 12.Qd5 Bb4+  0-1

[Event "Golden Cleopatra Open"]
[Site "Cairo EGY"]
[Date "2001.05.09"]
[Round "8"]
[White "Abdel Razik,K"]
[Black "Omearat,A"]
[Result "0-1"]
[WhiteElo "2365"]
[BlackElo "2226"]

1.d4 d5 2.c4 dxc4 3.e4 Nf6 4.e5 Nd5 5.Bxc4 Nb6 6.Bd3 Nc6 7.Ne2 Bg4 8.f3 Be6
9.Nbc3 Bd5 10.O-O e6 11.Nxd5 Qxd5 12.Be4 Qd7 13.Be3 Nd5 14.Bf2 Be7 15.f4 O-O-O
16.Rc1 f5 17.exf6 gxf6 18.f5 exf5 19.Bf3 Rhg8 20.Qd3 Ncb4 21.Qb3 Nb6 22.Nf4 N4d5
23.Nxd5 Nxd5 24.Rfe1 Bb4 25.Re2 c6 26.a3 Bf8 27.Bg3 f4 28.Bh4 Kb8 29.Bxd5 Qxd5
30.Qxd5 Rxd5 31.Re8+ Kc7 32.Bxf6 f3 33.g3 Bh6 34.Rxc6+ bxc6 35.Rxg8 Be3+
36.Kf1 c5 37.Be5+ Kd7 38.Rf8 cxd4 39.Bxd4 Bxd4 40.Rxf3 Ke6 41.Rb3 Rf5+ 42.Ke1 Kd5
43.Rb7 h5 44.h3 Ke4 45.g4 hxg4 46.hxg4 Rg5 47.Kd2 Rxg4 48.Kc2 Rg2+ 49.Kb1 Rg6
50.Kc2 Rc6+ 51.Kb1 a6 52.Rh7 Rf6 53.Ka2 Kd3 54.Rh3+ Kc2 55.Rh4 Kd3 56.Rh3+ Kc4
57.Rh7 Rb6 58.Rh2 Rf6 59.Rh7 Kd5 60.Rh5+ Be5 61.Rh7 Rb6 62.Rd7+ Ke4 63.Rd2 Rh6
64.Rd7 Bd4 65.Re7+ Kd3 66.Re8 Rb6 67.b4 Kc2 68.Re2+ Kc3 69.Re8 Rc6 70.Rg8 Kc4
71.Rd8 Rf6 72.Rc8+ Kb5 73.Rd8 Rf2+ 74.Kb1 Kc4 75.Ra8 Bc3 76.Kc1 Kb3  0-1

[Event "FSIMA May"]
[Site "Budapest HUN"]
[Date "2001.05.12"]
[Round "8"]
[White "Galyas,M"]
[Black "Nemeth,Z"]
[Result "1/2-1/2"]
[WhiteElo "2371"]
[BlackElo "2319"]

1.d4 d5 2.c4 dxc4 3.e4 c5 4.d5 e6 5.Bxc4 Nf6 6.Nc3 exd5 7.Nxd5 Nxd5 8.Bxd5 Be7
9.Ne2 O-O 10.O-O Na6 11.Bf4 Nc7 12.Nc3 Nxd5 13.Nxd5 Bd6 14.e5 Bc7 15.e6 Bxf4
16.e7 Bxh2+ 17.Kh1 Qd6 18.exf8=Q+ Kxf8 19.Qh5 Be5 20.Rfe1 Bxb2 21.Qxh7 Qh6+
22.Qxh6 gxh6 23.Rab1 Bd4 24.Nc7 Rb8 25.Re8+ Kg7 26.Nb5 Bf5 27.Rxb8 Bxb1 28.Nxd4 cxd4
29.Rxb7 Bxa2 30.Rxa7 Bb1 31.Rd7 d3 32.Kg1 Kf6 33.f3 Bc2 34.Kf2 Ke6 35.Rd8 Ke7
36.Rd4 Kf6 37.Ke3 Kg6 38.g4 Kf6 39.Rd6+ Kg7 40.Kf2 Kf8 41.Kg3 Ke7 42.Rd4 Kf6
43.f4 Ke6 44.Kh4 f5 45.g5 hxg5+ 46.Kxg5 Ke7 47.Kh4 Kf6 48.Kg3 Ke6 49.Kf2 Ke7
50.Ke3 Ke6 51.Rb4 Kd6 52.Rb8 Ke6 53.Rh8 Kf7 54.Rh2 Ke7 55.Kd4 Kd6 56.Rh6+ Ke7
57.Kc3 Kf7 58.Rh3 Kf6 59.Re3 Kf7 60.Re5 Kf6 61.Rd5 Ke6 62.Rd4 Kf6 63.Kc4 Kg6
64.Kc3 Kh5 65.Kd2 Kg6 66.Ke3 Kf6 67.Kf2 Ke6 68.Kg3 Ke7 69.Kh4 Ke6 70.Kg5 Ke7
71.Kg6 Ke6 72.Kg7 Ke7 73.Kg6  1/2-1/2

[Event "TCh-NOR Final"]
[Site "Langesund NOR"]
[Date "2001.05.24"]
[Round "2"]
[White "Tallaksen,G"]
[Black "Johannessen,S"]
[Result "1-0"]
[WhiteElo "2233"]
[BlackElo "2269"]

1.d4 d5 2.c4 dxc4 3.e4 Nf6 4.Nc3 e5 5.Nf3 exd4 6.Qxd4 Bd6 7.Bxc4 Nc6 8.Bb5 O-O
9.Bxc6 bxc6 10.O-O c5 11.Qe3 Re8 12.e5 Rb8 13.Qd2 Bf5 14.exd6 cxd6 15.b3 d5
16.Ba3 d4 17.Na4 Ne4 18.Qf4 Qd5 19.Ng5 Nxg5 20.Qxg5 h6 21.Qf4 c4 22.bxc4 Qxc4
23.Qxf5 Qxa4 24.Qd3 Re6 25.Rab1 Rd8 26.Rb4 Qa5 27.Rb5 Qa6 28.Rb3 Qc6 29.Rc1 Qd5
30.h3 Rg6 31.Qf3 Qe6 32.Rd1 Rd5 33.Bb2 Rdg5 34.Bxd4 Rxg2+ 35.Qxg2 Rxg2+ 36.Kxg2 Qe2
37.Rbd3 Qxa2 38.Rg3 g5 39.Kg1 Qe2 40.Ra1 a5 41.Rga3 Qe6 42.Rd1 Kh7 43.Re3 Qf5
44.Rdd3 Kg6 45.Bc3 Qc5 46.Rf3 f5 47.Rfe3 Qb5 48.Be5 Qb1+ 49.Kg2 Qb7+ 50.Kh2 f4
51.Rd6+ Kh5 52.Bxf4  1-0

[Event "IHEM"]
[Site "Hamburg GER"]
[Date "2001.06.08"]
[Round "7"]
[White "Kopylov,M"]
[Black "Rausis,I"]
[Result "1-0"]
[WhiteElo "2444"]
[BlackElo "2500"]

1.d4 d5 2.c4 dxc4 3.e4 c5 4.d5 Nf6 5.Nc3 b5 6.Bf4 Ba6 7.e5 b4 8.exf6 bxc3
9.bxc3 gxf6 10.Rb1 Qa5 11.Rxb8+ Rxb8 12.Bxb8 Qxc3+ 13.Qd2 Qxd2+ 14.Kxd2 c3+
15.Ke1 Bxf1 16.Kxf1 Bh6 17.Ne2 c2 18.Bxa7 Kd7 19.Bxc5 Rb8 20.g3 c1=Q+ 21.Nxc1 Bxc1
22.Ke2 Rb2+ 23.Kd3 Rd2+ 24.Kc3 Rxd5 25.Kc4 Kc6 26.Bxe7 Bb2 27.Rb1 Rd2 28.Bc5 Rc2+
29.Kb3 Rxc5 30.Rxb2 Ra5 31.h4 Rf5 32.Kc4 Rf3 33.Kd4 Kd6 34.Ke4 Ra3 35.Kf5 Ke7
36.Re2+ Kf8 37.Kxf6 Rf3+ 38.Ke5 Kg7 39.a4 f6+ 40.Kd5  1-0

[Event "White Nights"]
[Site "St Petersburg RUS"]
[Date "2001.06.13"]
[Round "5"]
[White "Skatchkov,P"]
[Black "Korbut,E"]
[Result "1/2-1/2"]
[WhiteElo "2456"]
[BlackElo "2330"]

1.d4 d5 2.c4 dxc4 3.e4 e5 4.Nf3 exd4 5.Bxc4 Nc6 6.a3 Be6 7.Bxe6 fxe6 8.Qb3 Qd7
9.Qxb7 Rb8 10.Qa6 Nf6 11.Nbd2 Bd6 12.Qd3 O-O 13.Nc4 Ng4 14.h3 Nge5 15.Ncxe5 Nxe5
16.Nxe5 Bxe5 17.O-O Qb5 18.Qxb5 Rxb5 19.b4 d3 20.Ra2 a5 21.Be3 Ra8 22.f4 Bc3
23.bxa5 Rbxa5 24.Rd1 Rd8 25.a4 Bb4 26.Bd2 Bxd2 27.Raxd2 Rxa4 28.Rxd3 Rxd3
29.Rxd3 Rxe4 30.g3 Rc4 31.Rd7 Rc2 32.Re7 Rc6 33.Kf2 Kf8 34.Rd7 Rc3 35.h4 h5
36.Kg2 Kg8 37.Re7 Rc6 38.Kf3 Kh7 39.Ke4 Rc3 40.Rxe6 Rxg3 41.Re5 Kh6 42.Re6+ Kh7
43.Re5 Kh6 44.Re6+ Kh7  1/2-1/2

[Event "2nd IECC"]
[Site "Ohrid MKD"]
[Date "2001.06.14"]
[Round "13"]
[White "Van Wely,L"]
[Black "Azmaiparashvili,Z"]
[Result "0-1"]
[WhiteElo "2670"]
[BlackElo "2670"]

1.d4 d5 2.c4 dxc4 3.e4 e5 4.Nf3 Bb4+ 5.Nc3 exd4 6.Nxd4 Ne7 7.Bxc4 Nbc6 8.Be3 Nxd4
9.Bxd4 O-O 10.O-O Nc6 11.Be3 Qxd1 12.Rfxd1 Bxc3 13.bxc3 Be6 14.Be2 Rfd8 15.c4 Ne5
16.Rdc1 b6 17.a4 Nd3 18.Rc3 Nc5 19.f3 a5 20.Kf2 Bd7 21.Bd1 Bc6 22.Bc2 Rd7
23.g4 Rad8 24.Kg3 f6 25.h4 h6 26.g5 hxg5 27.hxg5 Kf7 28.Rca3 Rh8 29.Re1 fxg5
30.Bxg5 Rd4 31.Bf4 Rxc4 32.Bb1 Rxa4 33.Rxa4 Bxa4 34.Bxc7 Rh6 35.f4 Rc6 36.Be5 Bb3
37.f5 a4 38.Bb2 b5 39.e5 b4 40.e6+ Nxe6 41.fxe6+ Bxe6 42.Rf1+ Kg8 43.Be4 Rc8
44.Rh1 Rc4 45.Kf3 a3 46.Be5 b3 47.Bh7+ Kf8 48.Rg1 b2 49.Bxg7+ Ke7 50.Be5 Bd5+
51.Ke3 Rc1 52.Kf2 Bb3 53.Re1 Kf7 54.Bd3 Bc2 55.Bc4+ Kg6 56.Ba2 Kf5 57.Bd4 Bb3
58.Bxb2 axb2 59.Bb1+ Kf4 60.Re4+ Kg5 61.Re5+ Kf6 62.Re1 Bc2 63.Ba2 Ra1  0-1

[Event "White Nights"]
[Site "St Petersburg RUS"]
[Date "2001.06.17"]
[Round "9"]
[White "Biriukov,O"]
[Black "Korbut,E"]
[Result "1-0"]
[WhiteElo "2372"]
[BlackElo "2330"]

1.d4 d5 2.c4 dxc4 3.e4 e5 4.Nf3 exd4 5.Bxc4 Nc6 6.O-O Be6 7.Bxe6 fxe6 8.Qb3 Qd7
9.Qxb7 Rb8 10.Qa6 Nf6 11.Nbd2 Bd6 12.Qd3 O-O 13.h3 Nh5 14.Nc4 Nb4 15.Qd1 d3
16.Nfe5 Bxe5 17.Nxe5 Qd6 18.Qxh5 Nc2 19.Rb1 Rb5 20.Bf4 Nd4 21.Bh2 Ne2+ 22.Kh1 g6
23.Qg5 Qd4 24.Qe3 Qxe3 25.fxe3 d2 26.Rxf8+ Kxf8 27.Nc4  1-0

[Event "5th Open"]
[Site "Voronezh RUS"]
[Date "2001.06.19"]
[Round "7"]
[White "Tunik,G"]
[Black "Chuprov,D"]
[Result "1-0"]
[WhiteElo "2434"]
[BlackElo "2473"]

1.d4 d5 2.c4 dxc4 3.e4 c5 4.Nf3 cxd4 5.Qxd4 Qxd4 6.Nxd4 a6 7.Bxc4 e6 8.Be3 Ne7
9.Nd2 Nec6 10.N2f3 b5 11.Bd3 Bb7 12.Rc1 Nxd4 13.Nxd4 Bd6 14.Ke2 Nd7 15.Nc6 Bxc6
16.Rxc6 Ke7 17.f4 e5 18.g3 Rhc8 19.Rhc1 Rxc6 20.Rxc6 Nf8 21.fxe5 Bxe5 22.Bc5+ Kd7
23.Rxa6 Rxa6 24.Bxb5+ Rc6 25.Bxf8 Bxb2 26.Kd3 Be5 27.Bxc6+ Kxc6 28.g4 g6
29.h3 Kb5 30.Be7 Bg7 31.Bd6 Kc6 32.Bb4 Kb5 33.Bc3 Bf8 34.Kd4 Bg7+ 35.e5 Kc6
36.Kc4 Bf8 37.a4 Be7 38.a5 Bd8 39.a6 h5 40.a7 Kb7 41.Bd4 hxg4 42.hxg4 Be7
43.Kd5 Bb4 44.Bc5 Bc3 45.Kd6 Bb2 46.Be3 Bc3 47.Bf4 Kxa7 48.Ke7 g5 49.Bg3 Bd2
50.Kxf7 Bf4  1-0

[Event "Narciso Yepes"]
[Site "Lorca ESP"]
[Date "2001.06.29"]
[Round "9"]
[White "Komljenovic,D"]
[Black "Campos G.,LM"]
[Result "1-0"]
[WhiteElo "2472"]
[BlackElo "2421"]

1.d4 d5 2.c4 dxc4 3.e4 Nf6 4.e5 Nd5 5.Bxc4 Nb6 6.Bb3 Bf5 7.Ne2 e6 8.O-O Be7
9.Nbc3 O-O 10.Ng3 Bg6 11.f4 c5 12.f5 exf5 13.d5 c4 14.Bc2 Bb4 15.Nxf5 Re8
16.d6 Nc6 17.Bf4 Bxc3 18.bxc3 Nd7 19.Rb1 b6 20.Qd5 Bxf5 21.Bxf5 Ncxe5 22.Rbe1 Nf6
23.Qd4 Nd3 24.Rxe8+ Qxe8 25.d7 Qe7 26.Bc7 Rd8 27.Bxd8 Qxd8 28.Bxd3 cxd3 29.Qxd3 Qxd7
30.Qxd7 Nxd7 31.Rd1 Nf8 32.Rd8 h5 33.Ra8  1-0

[Event "FSIMA July"]
[Site "Budapest HUN"]
[Date "2001.07.03"]
[Round "2"]
[White "Seres,L"]
[Black "Fernandez,Ra"]
[Result "1-0"]
[WhiteElo "2427"]
[BlackElo "2217"]

1.d4 d5 2.c4 dxc4 3.e4 Nf6 4.e5 Nd5 5.Bxc4 Nb6 6.Bb3 Nc6 7.Ne2 Bf5 8.Nbc3 e6
9.O-O Qd7 10.a3 O-O-O 11.Be3 h5 12.Ba2 h4 13.h3 f6 14.f4 g5 15.fxg5 fxg5
16.Bxg5 Be7 17.Be3 Rhg8 18.Rxf5 exf5 19.Bxg8 Rxg8 20.Qb3 Rg7 21.Rf1 Na5 22.Qc2 Nac4
23.Bc1 Bg5 24.Rxf5 Be3+ 25.Bxe3 Rxg2+ 26.Kh1 Rg8 27.Bf2 Nd5 28.Qe4  1-0

[Event "ch-NOR"]
[Site "Kristiansund NOR"]
[Date "2001.07.12"]
[Round "7"]
[White "Lahlum,H"]
[Black "Christenson,F"]
[Result "0-1"]
[WhiteElo "2227"]
[BlackElo "2218"]

1.d4 d5 2.c4 dxc4 3.e4 Nf6 4.Nc3 e5 5.Nf3 exd4 6.Qxd4 Qxd4 7.Nxd4 Bc5 8.Ndb5 Na6
9.Bf4 O-O 10.Bxc4 Be6 11.Be2 Bb6 12.O-O Rfe8 13.Rad1 Rac8 14.Bf3 Bc4 15.Rfe1 Nc5
16.b3 Bxb5 17.Nxb5 Ncxe4 18.Be3 Bxe3 19.Rxe3 c6 20.Bxe4 Nxe4 21.Nxa7 Ra8
22.Rde1 f5 23.f3 Rxa7 24.fxe4 Rxa2 25.exf5 Rxe3 26.Rxe3 Kf7 27.Rd3 Ke7 28.Re3+ Kf8
29.g4 Rc2 30.Rd3 Ke7 31.Re3+ Kf7 32.Rd3 b5 33.g5 Rc5 34.Rf3 g6 35.fxg6+ Kxg6
36.h4 Kh5 37.Rf4 Rc3 38.Rf7 Kxh4 39.Rxh7+ Kxg5 40.Rc7 Kf5 41.Kf2 Ke5 42.Re7+ Kd5
43.Re3 Rxe3  0-1

[Event "ch-Paris Open"]
[Site "Paris FRA"]
[Date "2001.07.21"]
[Round "1"]
[White "Savchenko,S"]
[Black "Rey,F"]
[Result "1-0"]
[WhiteElo "2549"]
[BlackElo "2152"]

1.d4 d5 2.c4 dxc4 3.e4 c5 4.d5 Nf6 5.Nc3 b5 6.Bf4 Bb7 7.Nxb5 Qa5+ 8.Nc3 Nxe4
9.Rc1 Nd7 10.Bxc4 Nxc3 11.bxc3 g6 12.Qb3 Qb6 13.Qa4 Bg7 14.Ne2 Qd8 15.Rb1 Bc8
16.Qc6 O-O 17.Qxa8 Qa5 18.O-O Ba6 19.Qxa7  1-0

[Event "MTO"]
[Site "Biel SUI"]
[Date "2001.07.23"]
[Round "1"]
[White "Regez,M"]
[Black "Raetsky,A"]
[Result "0-1"]
[WhiteElo "2136"]
[BlackElo "2452"]

1.d4 d5 2.c4 dxc4 3.e4 Nc6 4.Be3 Nf6 5.Nc3 e5 6.d5 Na5 7.Nf3 Bd6 8.Bg5 Bd7
9.Be2 b5 10.O-O O-O 11.Qc2 a6 12.Nd1 c6 13.Ne3 h6 14.Bh4 g5 15.Bg3 Re8 16.Rfd1 cxd5
17.exd5 Qc8 18.h4 g4 19.Nh2 h5 20.Qd2 Qd8 21.Qc2 Bf8 22.Kh1 Nb7 23.f3 Bh6
24.Nf5 Bxf5 25.Qxf5 Nd6 26.Qc2 Bf4 27.Bxf4 exf4 28.fxg4 Nfe4 29.Bf3 Ng3+
30.Kg1 Re2  0-1

[Event "XXI Open"]
[Site "Cullera ESP"]
[Date "2001.07.26"]
[Round "8"]
[White "Amura,C"]
[Black "Castillo Martinez,A"]
[Result "1-0"]
[WhiteElo "2360"]
[BlackElo "2107"]

1.d4 d5 2.c4 dxc4 3.e4 Nf6 4.e5 Nd5 5.Bxc4 e6 6.Nf3 Bd7 7.O-O Bc6 8.Be3 Nd7
9.Nc3 N7b6 10.Bb3 Be7 11.a3 Qd7 12.Qe2 h6 13.Rfc1 O-O 14.Qd3 Nxe3 15.fxe3 Rfd8
16.Bc2 g6 17.Rf1 Na4 18.Ra2 Nxc3 19.bxc3 Bb5 20.c4 Ba6 21.a4 c5 22.Bb3 Rac8
23.Rc2 cxd4 24.exd4 Bc5 25.Rd1 b6 26.Kh1 Bb7 27.d5 Kg7 28.h3 Qe7 29.Qe4 f6
30.Re2 exd5 31.cxd5 fxe5 32.Nxe5 Qf6 33.Ng4 Qd6 34.Qb1 Rf8 35.Re6  1-0

[Event "Keres Mem Open"]
[Site "Tallinn EST"]
[Date "2001.07.27"]
[Round "4"]
[White "Bjarnason,S"]
[Black "Jogi,J"]
[Result "1-0"]
[WhiteElo "2281"]
[BlackElo "2044"]

1.d4 d5 2.c4 dxc4 3.e4 e5 4.Nf3 exd4 5.Bxc4 Nc6 6.O-O Bd6 7.e5 Bc5 8.Qb3 Qe7
9.Bg5 Qf8 10.e6 f6 11.Bf4 Bd6 12.Bd2 a6 13.Na3 Nge7 14.Rfe1 g5 15.Nc2 Qh6
16.g3 Ne5 17.Bf1 c5 18.Bg2 O-O 19.h4 Qg6 20.hxg5 Nxf3+ 21.Bxf3 fxg5 22.Be4 Qf6
23.Re2 Kh8 24.Qb6 Be5 25.Qxc5 Bxe6 26.Bxb7 Ng6 27.Bxa8 Rxa8 28.Ne1 Bg4 29.Rxe5 Nxe5
30.Qxd4 Rd8 31.Qe3 Rxd2 32.Qxd2 Bf3 33.Qe3 g4 34.Rc1 Kg7 35.Rc5 Nf7 36.Qc3  1-0

[Event "Rapidplay"]
[Site "Liepaja LAT"]
[Date "2001.08.04"]
[Round "11"]
[White "Adianto,U"]
[Black "Dlugy,M"]
[Result "1/2-1/2"]
[WhiteElo "2598"]
[BlackElo "2531"]

1.d4 d5 2.c4 dxc4 3.e4 e5 4.Nf3 Bb4+ 5.Nc3 exd4 6.Qxd4 Qxd4 7.Nxd4 Nf6 8.f3 Bc5
9.Ndb5 Na6 10.Bf4 c6 11.Nd6+ Bxd6 12.Bxd6 Be6 13.O-O-O O-O-O 14.Be2 Nd7 15.Rd4 b5
16.Rhd1 Ndc5 17.f4 f6 18.e5 fxe5  1/2-1/2

[Event "Open"]
[Site "Olomouc CZE"]
[Date "2001.08.04"]
[Round "3"]
[White "El Arousy,A"]
[Black "Wiesinger,R"]
[Result "1/2-1/2"]
[WhiteElo "2332"]
[BlackElo "2215"]

1.d4 d5 2.c4 dxc4 3.e4 Nc6 4.Nf3 Bg4 5.Bxc4 e6 6.Be3 Bb4+ 7.Nc3 Bxf3 8.gxf3 Nge7
9.Qc2 Nxd4 10.Bxd4 Qxd4 11.Qb3 Bc5 12.O-O O-O 13.Ne2 Qe5 14.Qc3 Ng6 15.Rac1 Qg5+
16.Kh1 Bb6 17.f4 Nxf4 18.Rg1 Nxe2 19.Bxe2 Qh6 20.Rxg7+ Qxg7 21.Rg1 Qg6 22.Qf6 Rad8
23.h4 Bd4 24.e5 Qxg1+ 25.Kxg1 Rd5 26.Qg5+ Kh8 27.Qe7 Kg8  1/2-1/2

[Event "Lost Boys Open"]
[Site "Amsterdam NED"]
[Date "2001.08.12"]
[Round "3"]
[White "Strating,S"]
[Black "Michiels,B"]
[Result "1/2-1/2"]
[WhiteElo "2340"]
[BlackElo "2113"]

1.d4 d5 2.c4 dxc4 3.e4 c5 4.d5 Nf6 5.Nc3 b5 6.e5 b4 7.exf6 bxc3 8.bxc3 Nd7
9.Bxc4 Nb6 10.Be2 gxf6 11.c4 Rg8 12.Qc2 f5 13.Bf4 Ba6 14.Nf3 Rxg2 15.Bg3 f4
16.Kf1 fxg3 17.Kxg2 gxf2 18.Rac1 Qd6 19.Kxf2 Qh6 20.Qf5 Bg7 21.h4 Rd8 22.Qg5 Rd6
23.Qxh6 Rxh6 24.Rc2 Bf6 25.h5 Nc8 26.Nd2 Nd6 27.Bd3 Bc8 28.Nf1 Nf5 29.Kg2 Nh4+
30.Kf2 Nf5 31.Kg2 Nh4+ 32.Kf2 Nf5  1/2-1/2

[Event "Lost Boys Open"]
[Site "Amsterdam NED"]
[Date "2001.08.13"]
[Round "4"]
[White "Happel,H"]
[Black "Afek,Y"]
[Result "1-0"]
[WhiteElo "2218"]
[BlackElo "2381"]

1.d4 d5 2.c4 dxc4 3.e4 c5 4.d5 e6 5.Nc3 exd5 6.Nxd5 Ne7 7.Bg5 Qa5+ 8.Bd2 Qd8
9.Bg5 c3 10.bxc3 Qa5 11.Bb5+ Nbc6 12.Qa4 Qxa4 13.Bxa4 Kd8 14.O-O-O Bd7 15.Nf3 f6
16.Bxf6 gxf6 17.Nxf6 Bh6+ 18.Kb1 b5 19.Bc2 Kc8 20.Nxd7 c4 21.e5 Kc7 22.Nf6 Ng6
23.Rd7+ Kb6 24.Nxh7 Nf4 25.Rd6  1-0

[Event "TCh-ESP Div 2"]
[Site "Vila Real ESP"]
[Date "2001.08.13"]
[Round "1"]
[White "Martinez Martin,D"]
[Black "Riquelme Valero,M"]
[Result "0-1"]
[WhiteElo "2297"]
[BlackElo "2172"]

1.d4 d5 2.c4 dxc4 3.e4 Nf6 4.e5 Nd5 5.Bxc4 Nb6 6.Bd3 Nc6 7.Be3 Be6 8.Ne2 Nb4
9.Be4 Bd5 10.f3 e6 11.a3 Na6 12.Nbc3 c6 13.O-O Qd7 14.Kh1 Nc7 15.Qc2 f5 16.exf6 gxf6
17.Bf4 Bd6 18.Na4 Nxa4 19.Qxa4 f5 20.Bd3 Rg8 21.Rae1 a6 22.Bxd6 Qxd6 23.Nc3 O-O-O
24.Re5 Rg6 25.Rfe1 Rdg8 26.Qc2 Bxf3 27.gxf3 Qxd4 28.R5e3 Qxe3  0-1

[Event "Lost Boys Open"]
[Site "Amsterdam NED"]
[Date "2001.08.14"]
[Round "5"]
[White "Peek,Mar"]
[Black "Michiels,B"]
[Result "1/2-1/2"]
[WhiteElo "2345"]
[BlackElo "2113"]

1.d4 d5 2.c4 dxc4 3.e4 c5 4.Nf3 cxd4 5.Qxd4 Qxd4 6.Nxd4 e5 7.Nb5 Na6 8.Bxc4 Nf6
9.N1c3 Bc5 10.Ke2 O-O 11.Be3 Bd7 12.f3 Bxe3 13.Kxe3 Nc5 14.Rac1 a6 15.Nd6 b5
16.Bd5 Nxd5+ 17.Nxd5 Ne6 18.Rhd1 Nd4 19.Nb6 Ra7 20.Nxd7 Rxd7 21.Nf5 Nxf5+
22.exf5 Rxd1 23.Rxd1 Rc8 24.Rd6 Kf8 25.Kd3 Ra8 26.g4 Ke7 27.Rb6 Rd8+ 28.Ke4 Rd2
29.Kxe5 Rxh2 30.Rxa6 Re2+ 31.Kf4 Rxb2 32.Ra7+ Ke8 33.Ra8+ Ke7 34.Ra7+ Ke8
35.g5 Rb4+ 36.Ke5 Ra4 37.Rxa4 bxa4 38.f6 Kf8 39.fxg7+ Kxg7 40.Kf5 h6 41.gxh6+ Kxh6
42.Kf6 Kh5 43.a3  1/2-1/2

[Event "ch-UKR"]
[Site "Ordzhonikidze UKR"]
[Date "2001.09.12"]
[Round "5"]
[White "Ovsejevitsch,S"]
[Black "Efimenko,Z"]
[Result "1/2-1/2"]
[WhiteElo "2529"]
[BlackElo "2495"]

1.d4 d5 2.c4 dxc4 3.e4 e5 4.Nf3 exd4 5.Bxc4 Nc6 6.O-O Be6 7.Bxe6 fxe6 8.Qb3 Qd7
9.Qxb7 Rb8 10.Qa6 Nf6 11.Nbd2 Bd6 12.e5 Nxe5 13.Nxd4 O-O 14.Nc4 Nxc4 15.Qxc4 Rb4
16.Qxe6+ Qxe6 17.Nxe6 Re8 18.Ng5 Re2 19.h3 Bc5 20.b3 h6 21.Nf3 Rxf2 22.Rxf2 Ne4
23.Bd2 Bxf2+ 24.Kf1 Rb5 25.Rc1 Bb6 26.Be1 Ng5 27.Nxg5 Rxg5 28.g4 h5 29.Rc4 hxg4
30.hxg4 Rd5 31.b4 a5 32.bxa5 Bxa5 33.Bxa5 Rxa5 34.a4 Kh7 35.Kf2  1/2-1/2

[Event "5th Russian Cup Final"]
[Site "Kazan RUS"]
[Date "2001.10.12"]
[Round "11"]
[White "Burmakin,V"]
[Black "Vaulin,A"]
[Result "1/2-1/2"]
[WhiteElo "2586"]
[BlackElo "2548"]

1.d4 d5 2.c4 dxc4 3.e4 Nf6 4.e5 Nd5 5.Bxc4 Nb6 6.Bd3 Nc6 7.Ne2 Be6 8.Nbc3 Bc4
9.Be4 e6 10.O-O Qd7 11.b3 Ba6 12.a3 Ne7 13.Qc2 Ned5 14.Rd1 Bxe2 15.Nxe2 O-O-O
16.Bd2 Kb8 17.Rab1 f5 18.exf6 Nxf6 19.Bf3 e5 20.Bc3 e4 21.Bxe4 Nxe4 22.Qxe4 Nd5
23.Bd2 g6 24.Qd3 Bg7 25.Re1 Rhf8 26.Rbd1 a6 27.Be3 Qe6 28.Bg5 Rd6 29.Qd2 Qf7
30.Bh4 Qf5  1/2-1/2